Normal view MARC view
  • Surface roughness

Entry Topical Term

Number of records used in: 1

001 - CONTROL NUMBER

  • control field: 43854

003 - CONTROL NUMBER IDENTIFIER

  • control field: NUST

005 - DATE AND TIME OF LATEST TRANSACTION

  • control field: 20210314132813.0

008 - FIXED-LENGTH DATA ELEMENTS

  • fixed length control field: 210314|| aca||aabn | a|a d

040 ## - CATALOGING SOURCE

  • Original cataloging agency: NUST
  • Transcribing agency: NUST

150 ## - HEADING--TOPICAL TERM

  • Topical term or geographic name entry element: Surface roughness
  • General subdivision: Measurement

670 ## - SOURCE DATA FOUND

  • Source citation: Work cat.: (NUST): Sayers, M. W. 43781, The international road roughness experiment :, c1986.
© 2023 Central Library, National University of Sciences and Technology. All Rights Reserved.